Advanced engineering mathematics (Record no. 2354)

000 -LEADER
fixed length control field 00457nam a22001937a 4500
001 - CONTROL NUMBER
control field 2354
003 - CONTROL NUMBER IDENTIFIER
control field BD-DhUET
008 - FIXED-LENGTH DATA ELEMENTS--GENERAL INFORMATION
fixed length control field 140922b xxu||||| |||| 00| 0 eng d
020 ## - INTERNATIONAL STANDARD BOOK NUMBER
International Standard Book Number 8121903459
040 ## - CATALOGING SOURCE
Transcribing agency 0
Modifying agency BD-DhUET
082 ## - DEWEY DECIMAL CLASSIFICATION NUMBER
Classification number 510
Item number DAS/2007
100 ## - MAIN ENTRY--PERSONAL NAME
Personal name Dass, H.K.
245 ## - TITLE STATEMENT
Title Advanced engineering mathematics
250 ## - EDITION STATEMENT
Edition statement 17th Rev. ed.
260 ## - PUBLICATION, DISTRIBUTION, ETC. (IMPRINT)
Place of publication, distribution, etc. Ram Nagar
Name of publisher, distributor, etc. S. Chand.
Date of publication, distribution, etc. 2007
300 ## - PHYSICAL DESCRIPTION
Extent xvi,1274p.
650 #0 - SUBJECT ADDED ENTRY--TOPICAL TERM
Topical term or geographic name as entry element Mathematics
942 ## - ADDED ENTRY ELEMENTS (KOHA)
Koha item type General Book
Holdings
Location (home branch) Date acquired Koha full call number Koha issues (times borrowed) Source of classification or shelving scheme Lost status Price effective from Koha date last seen Sublocation or collection (holding branch) Withdrawn status Koha normalized classification for sorting Koha item type Damaged status Piece designation (barcode) Shelving location Not for loan Koha out on loan Koha date last borrowed Copy number
Central Library, BUET2014-09-22510/DAS/20073  2014-09-222023-05-06Central Library, BUET 510DAS2007General Book 103924Circulation section  2022-11-231
Central Library, BUET2014-09-22510/DAS/20076  2014-09-222026-01-13Central Library, BUET 510DAS2007General Book 103925Circulation section 2026-01-272026-01-132
Central Library, BUET2014-09-22510/DAS/20074  2014-09-222025-02-10Central Library, BUET 510DAS2007General Book 103927Circulation section  2024-12-013
Central Library, BUET2014-09-22510/DAS/20073  2014-09-222023-06-05Central Library, BUET 510DAS2007General Book 103928Circulation section  2023-03-224
Central Library, BUET2014-09-22510/DAS/20071  2014-09-222016-02-24Central Library, BUET 510DAS2007General Book 103929Circulation section  2014-11-125
Central Library, BUET2014-09-22510/DAS/20072  2014-09-222023-02-28Central Library, BUET 510DAS2007General Book 103931Circulation section  2023-01-117
Central Library, BUET2014-09-22510/DAS/20073  2014-09-222026-05-09Central Library, BUET 510DAS2007General Book 103930Circulation section  2026-04-156
Central Library, BUET2015-01-26510/DAS/20072  2015-01-262019-03-31Central Library, BUET 510_000000000000000_DAS_2007General Book 103922Circulation section  2019-01-208
Central Library, BUET2015-09-01510DAS/20072  2015-09-012025-04-07Central Library, BUET 510DAS_2007_000000000000000General Book 103923Circulation section  2025-03-029
Central Library, BUET2007-05-28510/DAS/200711  2017-05-292024-11-24Central Library, BUET 510_000000000000000_DAS_2007General Book 103926Circulation section 2024-12-082024-11-2410